000 00306pam a2200109a 44500
008 230405s2007 xxu||||| |||| 00| 0 eng d
041 _aENG
100 _aSananda Chatterji
245 _aA Practical Approch to Chemist & Loboratoty Guide
260 _anew delhi
_bDominant Publication
_c2007
906 _a14085
999 _c304584
_d304584